[Event "NED-ch U13 Girls"]
[Site "Rijswijk"]
[Date "2006.05.27"]
[Round "8"]
[White "Fluit, Sylvia"]
[Black "Otten, Heleen"]
[Result "0-1"]
[WhiteElo "1034"]
[BlackElo "1013"]
[PlyCount "82"]
[EventDate "2006.05.25"]
[EventType "swiss"]
[EventRounds "9"]
[EventCountry "NED"]
[SourceTitle "EXT 2009"]
[Source "ChessBase"]
[SourceDate "2008.11.26"]
[SourceVersion "1"]
[SourceVersionDate "2008.11.26"]
[SourceQuality "1"]

1. e4 e5 2. Nf3 Nc6 3. Bc4 Bc5 4. c3 Nf6 5. d4 exd4 6. cxd4 Bb4+ 7. Bd2 Nxe4 8. 0-0 d5 9. Be2 0-0 10. a3 Ba5 11. Nc3 Bxc3 12. bxc3 Qf6 13. Kh1 h6 14. Bd3 Bg4 15. Be3 a6 16. Rb1 Nxc3 17. Qd2 Nxb1 18. Bxb1 Bxf3 19. gxf3 Qxf3+ 20. Kg1 f5 21. Qd1 Qxd1 22. Rxd1 g5 23. Ba2 Rad8 24. Kh1 f4 25. Bc1 Rfe8 26. Rg1 Kf7 27. Bb1 Nxd4 28. Bb2 Ne2 29. Rg2 d4 30. h4 d3 31. Ba2+ Kg6 32. h5+ Kf5 33. Bb1 f3 34. Rg3 Nxg3+ 35. fxg3 Re1+ 36. Kh2 Rxb1 37. Bc3 g4 38. a4 d2 39. a5 d1Q 40. Be1 Rd2+ 41. Bxd2 Qxd2# 0-1

[Event "NED-ch U13 Girls"]
[Site "Rijswijk"]
[Date "2006.05.27"]
[Round "7"]
[White "Otten, Heleen"]
[Black "Slotboom, Annemarie"]
[Result "1/2-1/2"]
[WhiteElo "1013"]
[BlackElo "1066"]
[PlyCount "142"]
[EventDate "2006.05.25"]
[EventType "swiss"]
[EventRounds "9"]
[EventCountry "NED"]
[SourceTitle "EXT 2009"]
[Source "ChessBase"]
[SourceDate "2008.11.26"]
[SourceVersion "1"]
[SourceVersionDate "2008.11.26"]
[SourceQuality "1"]

1. e4 e5 2. Nf3 Nc6 3. Bc4 h6 4. 0-0 Nf6 5. d3 Bc5 6. Nc3 0-0 7. Bb5 Nd4 8. Nxe5 Nxb5 9. Nxb5 d6 10. Nf3 Bd7 11. Nc3 a5 12. Be3 Bxe3 13. fxe3 b5 14. e5 dxe5 15. Nxe5 Be8 16. a3 b4 17. axb4 axb4 18. Rxa8 Qxa8 19. Ne2 Nd7 20. Nc4 Nf6 21. Qe1 c5 22. d4 cxd4 23. Nxd4 Bd7 24. c3 bxc3 25. bxc3 Qb8 26. e4 Ng4 27. Qg3 Qxg3 28. hxg3 g6 29. e5 Re8 30. Re1 h5 31. Nf3 f6 32. exf6 Nxf6 33. Rxe8+ Nxe8 34. Nce5 Bf5 35. c4 Kf8 36. c5 Ke7 37. Nd4 Kd8 38. Kf2 Nf6 39. Nxf5 gxf5 40. Kf3 Ke7 41. Kf4 Ke6 42. c6 Ne8 43. Nd7 Kd6 44. Kxf5 Kxc6 45. Ne5+ Kd6 46. Nf3 Ng7+ 47. Kg5 Ke6 48. g4 hxg4 49. Kxg4 Nf5 50. Kf4 Kf6 51. g4 Ne7 52. g5+ Kg7 53. Kg4 Kh7 54. Kh5 Kg7 55. Ne5 Kh7 56. Ng4 Kg7 57. Nf6 Kf7 58. Kh6 Kf8 59. Ng4 Ng8+ 60. Kh7 Ne7 61. Ne5 Ke8 62. Ng6 Nf5 63. Ne5 Ne7 64. Kh6 Ng8+ 65. Kh5 Ne7 66. Nc6 Nxc6 67. g6 Ne7 68. g7 Kf7 69. Kh6 Ke8 70. Kh7 Kf7 71. Kh8 Ke8 1/2-1/2

[Event "NED-ch U13 Girls"]
[Site "Rijswijk"]
[Date "2006.05.26"]
[Round "4"]
[White "Kirana, Nancy"]
[Black "Otten, Heleen"]
[Result "1-0"]
[WhiteElo "1488"]
[BlackElo "1013"]
[PlyCount "69"]
[EventDate "2006.05.25"]
[EventType "swiss"]
[EventRounds "9"]
[EventCountry "NED"]
[SourceTitle "EXT 2009"]
[Source "ChessBase"]
[SourceDate "2008.11.26"]
[SourceVersion "1"]
[SourceVersionDate "2008.11.26"]
[SourceQuality "1"]

1. e4 e5 2. Nf3 Nc6 3. d4 exd4 4. Nxd4 Bc5 5. Be3 Qf6 6. c3 Nge7 7. Bc4 Ne5 8. Bb3 N7c6 9. 0-0 0-0 10. f4 Ng6 11. Qd3 Bb6 12. e5 Qe7 13. Nf3 Bxe3+ 14. Qxe3 d6 15. Re1 Bg4 16. Nd4 Bd7 17. Nd2 Be6 18. Nxe6 fxe6 19. exd6 cxd6 20. Bxe6+ Kh8 21. f5 Nh4 22. Qh3 Ne5 23. Rad1 g6 24. fxg6 Nexg6 25. Bb3 Qg5 26. Ne4 Qf5 27. Qxf5 Rxf5 28. Nxd6 Rg5 29. Nf7+ Kg7 30. Nxg5 Nf4 31. Ne6+ Nxe6 32. Rxe6 Rf8 33. Rd7+ Rf7 34. Rxf7+ Kxf7 35. Rh6+ 1-0

[Event "NED-ch U13 Girls"]
[Site "Rijswijk"]
[Date "2006.05.25"]
[Round "1"]
[White "Beukema, Louise"]
[Black "Otten, Heleen"]
[Result "0-1"]
[WhiteElo "1252"]
[BlackElo "1013"]
[PlyCount "68"]
[EventDate "2006.05.25"]
[EventType "swiss"]
[EventRounds "9"]
[EventCountry "NED"]
[SourceTitle "EXT 2009"]
[Source "ChessBase"]
[SourceDate "2008.11.26"]
[SourceVersion "1"]
[SourceVersionDate "2008.11.26"]
[SourceQuality "1"]

1. e4 e5 2. Nf3 Nc6 3. Bc4 Bc5 4. d3 h6 5. Be3 Bb4+ 6. Nc3 Nf6 7. 0-0 0-0 8. a3 Bxc3 9. bxc3 a6 10. d4 d6 11. Nh4 Nxe4 12. Bd3 Qxh4 13. g3 Nxg3 14. fxg3 Qe7 15. Qf3 Bh3 16. Qe4 f5 17. Qd5+ Kh8 18. Rf3 e4 19. Bxe4 fxe4 20. Rxf8+ Rxf8 21. Qh5 Be6 22. Bxh6 gxh6 23. Qxh6+ Qh7 24. Qxe6 Ne7 25. Qd7 e3 26. Re1 Rf2 27. Qe8+ Ng8 28. h4 Qg7 29. Rxe3 Rxc2 30. Qc8 Qf6 31. Qh3 Qf2+ 32. Kh1 Rc1+ 33. Re1 Rxe1+ 34. Qf1 Rxf1# 0-1

[Event "NED-ch U13 Girls"]
[Site "Rijswijk"]
[Date "2006.05.25"]
[Round "2"]
[White "Otten, Heleen"]
[Black "Van den Bosch, Noor"]
[Result "0-1"]
[WhiteElo "1013"]
[BlackElo "1417"]
[PlyCount "88"]
[EventDate "2006.05.25"]
[EventType "swiss"]
[EventRounds "9"]
[EventCountry "NED"]
[SourceTitle "EXT 2009"]
[Source "ChessBase"]
[SourceDate "2008.11.26"]
[SourceVersion "1"]
[SourceVersionDate "2008.11.26"]
[SourceQuality "1"]

1. e4 e5 2. Nf3 Nc6 3. Bc4 Nf6 4. Ng5 d5 5. exd5 Nxd5 6. d3 Be7 7. Qf3 Nf4 8. Nxf7 Nd4 9. Nxd8 Nxf3+ 10. gxf3 Kxd8 11. d4 Bg5 12. dxe5 Be6 13. Bxe6 Nxe6 14. Rg1 Bxc1 15. Nc3 Bxb2 16. Rb1 Bxc3+ 17. Ke2 b6 18. f4 Nxf4+ 19. Kf3 Ne6 20. Ke4 Re8 21. Rbd1+ Kc8 22. Kd5 Kb7 23. Rd3 Rad8+ 24. Kc4 Rxd3 25. cxd3 Bxe5 26. Kd5 Bxh2 27. Rg2 Nf4+ 28. Kc4 Nxg2 29. d4 Re2 30. f3 Ne3+ 31. Kd3 Re1 32. a3 g5 33. a4 g4 34. f4 g3 35. f5 g2 36. f6 g1Q 37. f7 Rd1+ 38. Ke4 Qf2 39. f8Q Qxf8 40. a5 Qe8+ 41. Kf3 Rf1+ 42. Ke2 Qb5+ 43. Kxe3 Re1+ 44. Kf2 Qf1# 0-1